000 00460nam a2200181Ia 4500
008 230524s9999 xx 000 0 und d
020 _a8187328967
082 _a4.13
_bSRI
100 _aH.Srimathi
245 0 _aObject Oriented Analysis and Design Using UML
250 _a1ST
260 _aCHENNAI
_bScitech
_c2002
300 _a18.3
500 _aQuantity Number: 2
650 _aComp-Sc
700 _a" H.Sriram , A. Krishnamoorthy,,,"
942 _cBK
999 _c17897
_d17897